[Event "Minsk ODM Team Cup U16"]
[Site "Minsk"]
[Date "2021.??.??"]
[Round "7.4"]
[White "Andrukhovich, Elizaveta"]
[Black "Papkovich, Denis"]
[Result "1-0"]
[WhiteElo "1557"]
[BlackElo "1353"]
[PlyCount "59"]
[EventDate "2021.03.01"]
[EventType "team-tourn"]
[EventRounds "7"]
[EventCountry "BLR"]
[SourceTitle "EXT 2022"]
[Source "ChessBase"]
[SourceDate "2021.10.06"]
[SourceVersion "1"]
[SourceVersionDate "2021.10.06"]
[SourceQuality "1"]
[WhiteTeam "Gomelsk Region"]
[BlackTeam "Minsk Region"]
[WhiteTeamCountry "BLR"]
[BlackTeamCountry "BLR"]

1. e4 e6 2. d4 d5 3. Nd2 c5 4. exd5 exd5 5. Bb5+ Bd7 6. Qe2+ Be7 7. dxc5 Nc6 8. c3 Nf6 9. Ngf3 0-0 10. 0-0 Bxc5 11. Nb3 Bb6 12. Bg5 Re8 13. Qd3 a6 14. Ba4 Bc7 15. Nc5 Ne5 16. Nxe5 Bxa4 17. Nxf7 Bb5 18. Qxb5 Kxf7 19. Bxf6 gxf6 20. Qb4 Qd6 21. g3 b6 22. Nd3 Qxb4 23. Nxb4 Re2 24. Nxd5 Bd8 25. Rab1 f5 26. Rfe1 Rd2 27. Red1 Re2 28. Kf1 Re6 29. Rd3 Bg5 30. Nc7 1-0